NBA Top 5 PPG Every Year since 2000 - Statistics

General Stats
  • This quiz has been taken 393 times
    49 since last reset
  • The average score is 118 of 135
Answer Stats
Year Team Player % Correct
2026: 1 Lakers Luka Dončić
100%
2024: 1 Mavericks Luka Dončić
100%
2023: 2 Mavericks Luka Dončić
100%
2022: 3 Mavericks Luka Dončić
100%
2023: 1 76ers Joel Embiid
97%
2022: 1 76ers Joel Embiid
97%
2021: 4 76ers Joel Embiid
97%
2019: 4 76ers Joel Embiid
97%
2024: 5 Suns Kevin Durant
97%
2016: 3 Thunder Kevin Durant
97%
2014: 1 Thunder Kevin Durant
97%
2013: 2 Thunder Kevin Durant
97%
2012: 1 Thunder Kevin Durant
97%
2011: 1 Thunder Kevin Durant
97%
2010: 1 Thunder Kevin Durant
97%
2025: 3 Nuggets Nikola Jokić
97%
2026: 2 Thunder Shai Gilgeous-Alexander
97%
2025: 1 Thunder Shai Gilgeous-Alexander
97%
2024: 3 Thunder Shai Gilgeous-Alexander
97%
2023: 4 Thunder Shai Gilgeous-Alexander
97%
2026: 3 Timberwolves Anthony Edwards
94%
2025: 4 Timberwolves Anthony Edwards
94%
2023: 3 Trail Blazers Damian Lillard
94%
2021: 3 Trail Blazers Damian Lillard
94%
2020: 3 Trail Blazers Damian Lillard
94%
2018: 4 Trail Blazers Damian Lillard
94%
2025: 2 Bucks Giannis Antetokounmpo
94%
2024: 2 Bucks Giannis Antetokounmpo
94%
2023: 5 Bucks Giannis Antetokounmpo
94%
2022: 2 Bucks Giannis Antetokounmpo
94%
2021: 5 Bucks Giannis Antetokounmpo
94%
2020: 5 Bucks Giannis Antetokounmpo
94%
2019: 3 Bucks Giannis Antetokounmpo
94%
2018: 5 Bucks Giannis Antetokounmpo
94%
2024: 4 Knicks Jalen Brunson
94%
2026: 4 Celtics Jaylen Brown
94%
2025: 5 Celtics Jayson Tatum
94%
2018: 3 Cavaliers LeBron James
94%
2016: 5 Cavaliers LeBron James
94%
2015: 3 Cavaliers LeBron James
94%
2014: 3 Heat LeBron James
94%
2013: 4 Heat LeBron James
94%
2012: 3 Heat LeBron James
94%
2011: 2 Heat LeBron James
94%
2010: 2 Cavaliers LeBron James
94%
2009: 2 Cavaliers LeBron James
94%
2008: 1 Cavaliers LeBron James
94%
2007: 4 Cavaliers LeBron James
94%
2006: 3 Cavaliers LeBron James
94%
2005: 3 Cavaliers LeBron James
94%
2026: 5 76ers Tyrese Maxey
94%
2021: 2 Wizards Bradley Beal
91%
2020: 2 Wizards Bradley Beal
91%
2020: 1 Rockets James Harden
91%
2019: 1 Rockets James Harden
91%
2018: 1 Rockets James Harden
91%
2017: 2 Rockets James Harden
91%
2016: 2 Rockets James Harden
91%
2015: 2 Rockets James Harden
91%
2014: 5 Rockets James Harden
91%
2013: 5 Rockets James Harden
91%
2013: 3 Lakers Kobe Bryant
91%
2012: 2 Lakers Kobe Bryant
91%
2011: 5 Lakers Kobe Bryant
91%
2010: 4 Lakers Kobe Bryant
91%
2009: 3 Lakers Kobe Bryant
91%
2008: 2 Lakers Kobe Bryant
91%
2007: 1 Lakers Kobe Bryant
91%
2006: 1 Lakers Kobe Bryant
91%
2005: 2 Lakers Kobe Bryant
91%
2004: 4 Lakers Kobe Bryant
91%
2003: 2 Lakers Kobe Bryant
91%
2001: 4 Lakers Kobe Bryant
91%
2017: 1 Thunder Russell Westbrook
91%
2015: 1 Thunder Russell Westbrook
91%
2012: 5 Thunder Russell Westbrook
91%
2003: 4 Lakers Shaquille O'Neal
91%
2002: 2 Lakers Shaquille O'Neal
91%
2001: 3 Lakers Shaquille O'Neal
91%
2000: 1 Lakers Shaquille O'Neal
91%
2022: 4 Hawks Trae Young
91%
2020: 4 Hawks Trae Young
91%
2008: 3 Nuggets Allen Iverson
89%
2006: 2 76ers Allen Iverson
89%
2005: 1 76ers Allen Iverson
89%
2003: 3 76ers Allen Iverson
89%
2002: 1 76ers Allen Iverson
89%
2001: 1 76ers Allen Iverson
89%
2000: 2 76ers Allen Iverson
89%
2022: 5 Bulls DeMar DeRozan
89%
2017: 5 Raptors DeMar DeRozan
89%
2002: 5 Spurs Tim Duncan
89%
2014: 2 Knicks Carmelo Anthony
86%
2013: 1 Knicks Carmelo Anthony
86%
2011: 3 Nuggets/Knicks Carmelo Anthony
86%
2010: 3 Nuggets Carmelo Anthony
86%
2008: 4 Nuggets Carmelo Anthony
86%
2007: 2 Nuggets Carmelo Anthony
86%
2011: 4 Heat Dwyane Wade
86%
2010: 5 Heat Dwyane Wade
86%
2009: 1 Heat Dwyane Wade
86%
2006: 5 Heat Dwyane Wade
86%
2000: 5 Jazz Karl Malone
86%
2004: 3 Timberwolves Kevin Garnett
86%
2018: 2 Pelicans Anthony Davis
83%
2017: 4 Pelicans Anthony Davis
83%
2015: 4 Pelicans Anthony Davis
83%
2009: 4 Mavericks Dirk Nowitzki
83%
2005: 4 Mavericks Dirk Nowitzki
83%
2019: 2 Thunder Paul George
83%
2004: 5 Celtics Paul Pierce
83%
2003: 5 Celtics Paul Pierce
83%
2002: 3 Celtics Paul Pierce
83%
2016: 4 Kings DeMarcus Cousins
80%
2015: 5 Kings DeMarcus Cousins
80%
2004: 1 Magic Tracy McGrady
80%
2003: 1 Magic Tracy McGrady
80%
2002: 4 Magic Tracy McGrady
80%
2001: 5 Raptors Vince Carter
80%
2000: 4 Raptors Vince Carter
80%
2017: 3 Celtics Isiah Thomas
77%
2014: 4 Timberwolves Kevin Love
77%
2012: 4 Timberwolves Kevin Love
77%
2008: 5 Suns Amar'e Stoudemire
69%
2005: 5 Suns Amar'e Stoudemire
69%
2007: 3 Wizards Gilbert Arenas
66%
2006: 4 Wizards Gilbert Arenas
66%
2004: 2 Kings Peja Stojaković
51%
2000: 3 Pistons Grant Hill
49%
2021: 1 Warriors Steph Curry
49%
2019: 5 Warriors Steph Curry
49%
2016: 1 Warriors Steph Curry
49%
2009: 5 Pacers Danny Granger
40%
2007: 5 Bucks Michael Redd
37%
2001: 2 Pistons Jerry Stackhouse
29%
No matching quizzes found
Score Distribution
Percent of People with Each Score
Percentile by Number Answered
Your Score History
You have not taken this quiz since the last reset